Nehru and human resource development / (Record no. 143972)

MARC details
000 -LEADER
fixed length control field 00565nam a22001817a 4500
005 - DATE AND TIME OF LATEST TRANSACTION
control field 20170831145307.0
010 ## - LCCN (DPL NO)
LC control number ENG-120198
020 ## - INTERNATIONAL STANDARD BOOK NUMBER
International Standard Book Number 9788186772522
Terms of availability 895.00
035 ## - SYSTEM CONTROL NUMBER
System control number EN-103730
037 ## - SOURCE OF ACQUISITION
Source of stock number/acquisition DBAD/PUB
082 ## - DEWEY DECIMAL CLASSIFICATION NUMBER
Classification number 954.09
100 ## - MAIN ENTRY--PERSONAL NAME
Personal name Manickam,S.
245 ## - TITLE STATEMENT
Title Nehru and human resource development /
Statement of responsibility, etc by S. Manickam [and] G. Velan
260 ## - PUBLICATION, DISTRIBUTION, ETC. (IMPRINT)
Place of publication, distribution, etc New Delhi
Name of publisher, distributor, etc New Academic Publishers
Date of publication, distribution, etc 2012
270 ## - ADDRESS
Address 4760-61,23,Ansari Road,Daryaganj
City New Delhi
Postal code 110003
300 ## - PHYSICAL DESCRIPTION
Extent xvi,198p. :
Dimensions 23cm(Hb)
Other physical details ill
942 ## - ADDED ENTRY ELEMENTS (KOHA)
Source of classification or shelving scheme Dewey Decimal Classification
Item type English Books
Call number suffix MAN
Classification part 954.09
Holdings
Withdrawn status Lost status Not for loan Collection code Home library Current library Date acquired Source of acquisition Cost, normal purchase price Full call number Barcode Copy number Cost, replacement price Koha item type
      Non-fiction Narela Narela 31/08/2017 DBAD/PUB 895.00 954.09 MAN EN-103730 1 895.00 English Books

© Delhi Public Library
Hit Counter
free hit counter